000
00286nam a22001097a 4500
082
_a
358.4 EMM'I
100
_a
EMME, ENGENE M
_9
77693
245
_a
THE IMPACT OF AIR POWER NATIONAL SECURITY AND WORLD POLITICS
260
_a
LONDON
_b
D. VAN NOSTRAND
_c
1959
300
_a
914P
942
_c
BK
999
_c
582915
_d
582915